000 00383nam a22001577a 4500
020 _a978-81-264-3345-2
082 _aM3
_bPKP/M
100 _aP K Parakkadavu
245 _aMeesankallukalude kaval/
_cby P K Parakkadavu
260 _aKottayam:
_bD C,
_c2012.
300 _a64p.
650 _aNovel Malayalam
650 _aLiterature Malayalam
650 _aLiterature
942 _cBK
999 _c52720
_d52720